| 000 | 00771cam a2200265 a 4500 | ||
|---|---|---|---|
| 003 | EG-GiCUC | ||
| 008 | 080812s198u fr f 000 0 eng | ||
| 040 |
_aDLC _c DLC _d DLC |
||
| 042 | _apremarc | ||
| 092 | 0 | 4 |
_a445 _bS719 _221 |
| 099 |
_a04 _a445 S719 |
||
| 100 | 1 | _aSouch.A | |
| 245 | 1 | 3 |
_aLa Grammarire: _bet le francaisd/ _cA.Souche ,J.Lamaison |
| 260 |
_aparis _fernand nathan,editeur _c[198-] |
||
| 300 |
_a272p, _c25cm |
||
| 490 | 1 | _aA Meet the world book | |
| 650 | 0 |
_aFrench language _xGrammar. |
|
| 770 | 1 | _aLamaison,J | |
| 800 | 1 |
_aGunther, John, _d1901-1970. _tMeet the world books. |
|
| 902 | _a1 | ||
| 905 |
_aJamal _eCat. |
||
| 905 |
_aReda _eRev |
||
| 942 |
_2ddc _cBK |
||
| 999 |
_c108009 _d108009 |
||